00815nam a2200205 i 450000100060000000300090000600500170001500700030003200800410003510000470007624501070012326000610023030000200029150000220031159500750033365000370040885200240044599900170046995201230048650313ES-MaACL20231030183223.0t|030801m19011912xxu ||||1| eng d1 aCrozier, John Beattie (d1849-1921)94175810aHistory of intellectual development b: on the lines of modern evolution / cby John Beattie Crozier. aNew York [etc.] : bLongmans, Green, and co., 1901-1912. a3 v. ; c22 cm. aFalta el vol. II. aEl vol. 1º es del año 1912 (new impression) y el vol. 3º de 1901.04aCivilización-xHistoria911082 aES-MaACLjD-1105-06 c50313d50313 00104070aATENEOMbATENEOMcSVId2008-01-17eSCl0oD-1105-6p901052922r2023-02-23 00:00:00w2023-02-23yMONOGRAFIA